000 00612nam a2200217Ia 4500
003 OSt
005 20220923230233.0
006 a|||||r|||| 00| 0
007 ta
008 Pun
024 _a278,644
037 _cTextual
040 _aARTS
_cARTS
_bPun
041 _2Pun
_aPun
082 _aX:3M24xM18:g, 153M7:M9
100 _aਸਿੰਘ, ਗੁਰਦਿਆਲ
245 0 _aਕਾਰਲ ਮਾਰਕਸ ਦਪ ਜੀਵਨੀ ਤੇ ਚਿੰਤਨ
260 _c1989
942 _hX:3M24xM18:g, 153M7:M9
_cTEXL
_2CC
999 _c383438
_d383438